Deconstruction Is/In America (Record no. 351529)
[ view plain ]
| 000 -LEADER | |
|---|---|
| fixed length control field | 00472nam a2200121Ia 4500 |
| 008 - FIXED-LENGTH DATA ELEMENTS--GENERAL INFORMATION | |
| fixed length control field | 171212s9999 xx 000 0 und d |
| 100 ## - MAIN ENTRY--PERSONAL NAME | |
| Personal name | Haverkamp, Anselm;Dodge, H. R. |
| 245 ## - TITLE STATEMENT | |
| Statement of responsibility, etc | Haverkamp, Anselm;Dodge, H. R. |
| Title | Deconstruction Is/In America |
| Remainder of title | A New Sense of the Political |
| 260 ## - PUBLICATION, DISTRIBUTION, ETC. (IMPRINT) | |
| Name of publisher, distributor, etc | New York University Press |
| Date of publication, distribution, etc | 1995 |
| 650 ## - SUBJECT ADDED ENTRY--TOPICAL TERM | |
| Topical term or geographic name as entry element | Criticism -- Congresses; Deconstruction -- Congresses |
| 650 ## - SUBJECT ADDED ENTRY--TOPICAL TERM | |
| Topical term or geographic name as entry element | Political Science |
| 856 ## - ELECTRONIC LOCATION AND ACCESS | |
| Uniform Resource Identifier | <a href="http://www.jstor.org/stable/j.ctt9qfqqx">http://www.jstor.org/stable/j.ctt9qfqqx</a> |
| Withdrawn status | Lost status | Damaged status | Home library | Current library | Date acquired | Total Checkouts | Full call number | Date last seen | Price effective from | Koha item type |
|---|---|---|---|---|---|---|---|---|---|---|
| College Library | College Library | 12/12/2017 | PN 98.D43 .D42 1995 | 12/12/2017 | 12/12/2017 | Curriculum - Based eBooks |